Smallpox : (Record no. 617351)

MARC details
000 -LEADER
fixed length control field 00457nam a2200181 a 4500
008 - FIXED-LENGTH DATA ELEMENTS--GENERAL INFORMATION
fixed length control field 260310s2009##################000#0#eng##
020 ## - INTERNATIONAL STANDARD BOOK NUMBER
ISBN 9781591027225
082 04 - DEWEY DECIMAL CLASSIFICATION NUMBER
Classification number 362.19691200
Item number HEN
100 1# - MAIN ENTRY--AUTHOR NAME
Personal name Henderson, Donald Ainslie,
245 10 - TITLE STATEMENT
Title Smallpox :
260 ## - PUBLICATION, DISTRIBUTION, ETC. (IMPRINT)
Year of publication 2009.
650 #0 - SUBJECT ADDED ENTRY--TOPICAL TERM
Topical Term History, Modern.
942 ## - ADDED ENTRY ELEMENTS (KOHA)
Koha item type English Books
Holdings
Withdrawn status Lost status Damaged status Not for loan Home library Current library Shelving location Date acquired Full call number Accession Number Price effective from Koha item type
        Anna Centenary Library Anna Centenary Library 4TH FLOOR, A WING 10.03.2026 362.19691200 HEN 214768 10.03.2026 English Books

Find us on the map